[Event "PRO League Group Stage"]
[Site "chess.com INT"]
[Date "2018.02.24"]
[Round "7"]
[White "Pantsulaia, Levan"]
[Black "Tang, Andrew"]
[Result "0-1"]
[WhiteTitle "GM"]
[BlackTitle "IM"]
[WhiteElo "2605"]
[BlackElo "2513"]
[WhiteTeam "Stockholm Snowballs"]
[BlackTeam "Minnesota Blizzard"]
[WhiteFideId "13602071"]
[BlackFideId "2059630"]
[EventDate "2018.01.18"]

1. Nf3 d5 2. g3 Nf6 3. Bg2 e6 4. O-O Be7 5. c4 O-O 6. b3 c5 7. Bb2 Nc6 8. e3 b6
9. Nc3 dxc4 10. bxc4 Bb7 11. Qe2 Qc7 12. Nb5 Qc8 13. Rab1 Rd8 14. Rfd1 a6 15.
Nc3 Qc7 16. Ba1 Rab8 17. d4 cxd4 18. exd4 Na5 19. d5 Qxc4 20. dxe6 Rxd1+ 21.
Rxd1 Qxe6 22. Qxe6 fxe6 23. Re1 Bc5 24. Na4 Ne4 25. Nxc5 Nxc5 26. Ng5 h6 27. Nh3
Kf7 28. Nf4 g5 29. Nh5 Bxg2 30. Kxg2 Rd8 31. Re2 Nc4 32. g4 e5 33. h4 Nd3 34.
hxg5 hxg5 35. a4 b5 36. axb5 axb5 37. Ra2 b4 38. Ra7+ Ke6 39. Ng7+ Kd5 40. Nf5
b3 41. Rg7 Nd2 42. Ne3+ Ke4 43. Rxg5 Rh8 44. Rf5 Nf4+ 45. Rxf4+ exf4 46. Nd5 f3+ 0-1

[Event "PRO League Group Stage"]
[Site "chess.com INT"]
[Date "2018.02.24"]
[Round "7"]
[White "Pantsulaia, Levan"]
[Black "Quesada Perez, Yuniesky"]
[Result "1-0"]
[WhiteTitle "GM"]
[BlackTitle "GM"]
[WhiteElo "2605"]
[BlackElo "2627"]
[WhiteTeam "Stockholm Snowballs"]
[BlackTeam "Miami Champions"]
[WhiteFideId "13602071"]
[BlackFideId "3504409"]
[EventDate "2018.01.18"]

1. Nf3 d5 2. g3 c6 3. Bg2 Bg4 4. d3 Nd7 5. Nbd2 e6 6. O-O Bd6 7. b3 Ne7 8. Bb2
O-O 9. e4 a5 10. a4 Be5 11. d4 Bd6 12. Re1 b5 13. Qc1 bxa4 14. Rxa4 Nb6 15. Ra1
Bxf3 16. Nxf3 a4 17. Ne5 Qc7 18. Nd3 Ng6 19. c4 a3 20. Bxa3 dxc4 21. bxc4 Bxa3
22. Rxa3 Rxa3 23. Qxa3 Nxc4 24. Qc5 Na5 25. d5 e5 26. Nb4 Nb3 27. Qc4 Nd4 28.
dxc6 Rb8 29. Na6 Qa5 30. Rc1 Rc8 31. c7 Qa3 32. Rb1 Ne7 33. h4 g6 34. Rb8 Kg7
35. Rxc8 Nxc8 36. Kh2 Nd6 37. c8=Q Nxc4 38. Qxc4 Qb2 39. Qf1 Qa3 40. Nc7 h5 41.
Nd5 Qb2 42. f4 exf4 43. Qxf4 Ne6 44. Qe3 Qa2 45. Nf4 Nf8 46. Qd4+ Kg8 47. Nd5
Ne6 48. Qf6 Qa7 49. Ne7+ 1-0

[Event "PRO League Group Stage"]
[Site "chess.com INT"]
[Date "2018.02.24"]
[Round "7"]
[White "Song, Edward"]
[Black "Bordi, Kevin"]
[Result "1/2-1/2"]
[WhiteTitle "FM"]
[WhiteElo "2319"]
[BlackElo "2282"]
[WhiteTeam "Pittsburgh Pawngrabbers"]
[BlackTeam "Cannes Blockbusters"]
[WhiteFideId "2051192"]
[BlackFideId "621862"]
[EventDate "2018.01.18"]

1. d4 Nf6 2. c4 c6 3. Nf3 d5 4. e3 Bf5 5. Nc3 e6 6. Nh4 Bg6 7. Qb3 Qc7 8. Nxg6
hxg6 9. g3 Nbd7 10. Bg2 Bd6 11. Bd2 g5 12. e4 dxe4 13. Bxg5 e5 14. dxe5 Bxe5 15.
O-O e3 16. f4 Bd4 17. Ne2 Bb6 18. Qc3 a5 19. Rad1 O-O 20. Bf3 Rfe8 21. c5 Ba7
22. a3 1/2-1/2

[Event "PRO League Group Stage"]
[Site "chess.com INT"]
[Date "2018.02.24"]
[Round "7"]
[White "Song, Edward"]
[Black "Manukian, Artak"]
[Result "1-0"]
[WhiteTitle "FM"]
[WhiteElo "2319"]
[BlackElo "2196"]
[WhiteTeam "Pittsburgh Pawngrabbers"]
[BlackTeam "Armenia Eagles"]
[WhiteFideId "2051192"]
[BlackFideId "13301373"]
[EventDate "2018.01.18"]

1. d4 d5 2. c4 dxc4 3. e4 e5 4. Nf3 exd4 5. Bxc4 Bb4+ 6. Nbd2 Nc6 7. O-O Be6 8.
Bxe6 fxe6 9. Nb3 e5 10. Nxe5 Nge7 11. Nd3 Ng6 12. Nxb4 Nxb4 13. Nxd4 c5 14. Ne6
Qxd1 15. Rxd1 Kf7 16. Nxc5 Rhd8 17. Bg5 Rxd1+ 18. Rxd1 Nf8 19. a3 Nc6 20. Nxb7
Rb8 21. Nd6+ Ke6 22. f4 h6 23. f5+ Ke5 24. Rd5# 1-0

[Event "PRO League Group Stage"]
[Site "chess.com INT"]
[Date "2018.02.24"]
[Round "7"]
[White "Song, Edward"]
[Black "Parnali, S Dharia"]
[Result "1-0"]
[WhiteTitle "FM"]
[BlackTitle "WIM"]
[WhiteElo "2319"]
[BlackElo "2082"]
[WhiteTeam "Pittsburgh Pawngrabbers"]
[BlackTeam "Mumbai Movers"]
[WhiteFideId "2051192"]
[BlackFideId "5043131"]
[EventDate "2018.01.18"]

1. d4 d5 2. c4 e6 3. Nf3 Nf6 4. g3 c5 5. Bg2 Nc6 6. O-O Be7 7. dxc5 Bxc5 8. a3
O-O 9. b4 Be7 10. Nbd2 b6 11. Bb2 Bb7 12. Rc1 Rc8 13. Qa4 dxc4 14. Nxc4 a6 15.
Rfd1 Qc7 16. Nce5 b5 17. Qb3 Qb6 18. Nd7 Nxd7 19. Rxd7 Rfd8 20. Rxc6 Bxc6 21.
Rxe7 Kf8 22. Rxf7+ Kxf7 23. Ng5+ Kf8 24. Qxe6 Rd1+ 25. Bf1 Rxf1+ 26. Kxf1 Bg2+
27. Kxg2 Qxe6 28. Nxe6+ Kf7 29. Nc5 Rc6 30. Bd4 Rd6 31. e3 Rh6 32. h4 Rc6 33. f4
Rd6 34. Kf3 g6 35. g4 Ke7 36. f5 gxf5 37. gxf5 Kf7 38. Kf4 Rc6 39. e4 Rh6 40.
Bf2 Rd6 41. e5 Rd2 42. Be3 Rh2 43. e6+ Ke7 44. Ke5 Re2 45. f6+ Ke8 46. Kd4 Re1
47. f7+ Ke7 48. Bg5+ Kf8 49. Bh6+ 1-0

[Event "PRO League Group Stage"]
[Site "chess.com INT"]
[Date "2018.02.24"]
[Round "7"]
[White "Song, Edward"]
[Black "Skuhala, Luka"]
[Result "1-0"]
[WhiteTitle "FM"]
[WhiteElo "2319"]
[BlackElo "2059"]
[WhiteTeam "Pittsburgh Pawngrabbers"]
[BlackTeam "Ljubljana Turtles"]
[WhiteFideId "2051192"]
[BlackFideId "14605678"]
[EventDate "2018.01.18"]

1. e4 c5 2. Nf3 d6 3. d4 cxd4 4. Nxd4 Nf6 5. Nc3 a6 6. Bg5 e6 7. f4 Be7 8. Qf3
h6 9. Bh4 Qc7 10. O-O-O Nbd7 11. Be2 g5 12. fxg5 Ne5 13. Qe3 Nfg4 14. Qd2 hxg5
15. Bxg5 Bxg5 16. Qxg5 Qe7 17. Qf4 Qf6 18. Qg3 Nf2 19. Rhf1 Qh6+ 20. Rd2 Nfg4
21. Bxg4 Rg8 22. h3 Nc4 23. Qd3 Nxd2 24. Qxd2 Qxd2+ 25. Kxd2 Ke7 26. Ke3 Bd7 27.
a3 Rac8 28. Rf2 Rc4 29. Nb3 b6 30. Bf3 b5 31. Na5 Rc7 32. h4 Rb8 33. Na2 Rh8 34.
h5 Rcc8 35. g4 Rcg8 36. Nb4 Rg7 37. c3 Kf6 38. Rd2 Ke7 39. Nac6+ Bxc6 40. Nxc6+
Kd7 41. e5 d5 42. Nd4 Rg5 43. Kf4 Rgg8 44. g5 Rc8 45. Bg4 Ke7 46. Rh2 Rcg8 47.
Be2 Rc8 48. Bd3 Rcg8 49. h6 Kd7 50. h7 Rg7 51. Rh6 Ke7 52. Ne2 Kd7 53. Ng3 Ke7
54. Nh5 Kf8 55. Nxg7 Kxg7 56. Rf6 Rc8 57. g6 fxg6 58. Rxg6+ Kxh7 59. Rxe6+ Kg7
60. Rxa6 Rf8+ 61. Ke3 Rh8 62. Rb6 Rh3+ 63. Kd4 1-0

[Event "PRO League Group Stage"]
[Site "chess.com INT"]
[Date "2018.02.24"]
[Round "7"]
[White "Ravuri, Vinesh"]
[Black "Summerscale, Aaron P"]
[Result "0-1"]
[BlackTitle "GM"]
[WhiteElo "1990"]
[BlackElo "2395"]
[WhiteTeam "San Jose Hackers"]
[BlackTeam "London Towers"]
[WhiteFideId "45042632"]
[BlackFideId "400980"]
[EventDate "2018.01.18"]

1. d4 d5 2. c4 e6 3. Nf3 c5 4. cxd5 exd5 5. Nc3 Nc6 6. g3 Nf6 7. Bg2 Be7 8. O-O
c4 9. Ne5 O-O 10. Bf4 Be6 11. Nxc4 dxc4 12. d5 Nxd5 13. Nxd5 Bf6 14. Bc7 Qd7 15.
Nxf6+ gxf6 16. Qxd7 Bxd7 17. Rfd1 Be6 18. Rac1 Rac8 19. Bf4 Kg7 20. Rd6 Rfd8 21.
Rcd1 Rxd6 22. Rxd6 Ne5 23. h3 Rc5 24. Be3 Ra5 25. a3 b6 26. g4 c3 27. bxc3 Nc4
28. Rd3 Nxe3 29. Rxe3 Rxa3 30. f4 a5 31. f5 Bc4 32. Kf2 Rb3 33. h4 h6 34. Bc6 b5
35. Re7 Rxc3 36. e4 a4 37. Ra7 a3 38. g5 hxg5 39. hxg5 fxg5 40. e5 Kh6 41. e6
fxe6 42. f6 Bd5 43. Bxb5 a2 0-1

[Event "PRO League Group Stage"]
[Site "chess.com INT"]
[Date "2018.02.24"]
[Round "7"]
[White "Ravuri, Vinesh"]
[Black "Kukk, Sander"]
[Result "1/2-1/2"]
[WhiteElo "1990"]
[BlackElo "2178"]
[WhiteTeam "San Jose Hackers"]
[BlackTeam "Estonia Horses"]
[WhiteFideId "45042632"]
[BlackFideId "4502094"]
[EventDate "2018.01.18"]

1. d4 g6 2. c4 Bg7 3. Nf3 Nf6 4. Nc3 O-O 5. g3 d6 6. Bg2 Nc6 7. O-O e5 8. dxe5
Nxe5 9. Nxe5 dxe5 10. Bg5 Qxd1 11. Rfxd1 c6 12. Rac1 Be6 13. b3 Rfe8 14. h3 h6
15. Be3 Bf8 16. Na4 Kg7 17. Nc5 Bxc5 18. Bxc5 Nd7 19. Be3 f5 20. Rd3 Nf6 21.
Rcd1 g5 22. Bc1 Kf7 23. Bb2 e4 24. Rd6 a5 25. a4 Ra6 26. Bd4 Rc8 27. e3 Ne8 28.
Rxe6 Kxe6 29. g4 Rd8 30. gxf5+ Kxf5 31. Rf1 Rxd4 32. exd4 Rb6 33. Re1 Rxb3 34.
Bxe4+ Kf6 35. Bxc6 bxc6 36. Rxe8 Rb4 37. Re5 Rxc4 38. Rxa5 Rxd4 39. Rc5 Rxa4 40.
Rxc6+ Kg7 41. Kg2 Ra3 42. Rd6 h5 43. Rc6 Kf7 44. Rd6 Kg7 45. Rc6 Rd3 46. Re6 Rd4
47. Ra6 Rf4 48. Rb6 Rf5 49. Rc6 Rb5 50. Rd6 Rf5 51. Rc6 Rf7 52. Rd6 Rf8 53. Rc6
Rf6 54. Rxf6 Kxf6 55. h4 g4 56. Kg3 Kf5 57. f3 gxf3 58. Kxf3 Ke5 59. Ke3 Kf5 60.
Kf3 Ke5 61. Ke3 Kf5 62. Kf3 Ke5 63. Ke3 Kf5 64. Kf3 Kf6 65. Kf4 Ke6 66. Kg5 Kf7
67. Kxh5 Kg8 68. Kg5 Kh8 69. Kh6 Kg8 70. Kg6 Kh8 71. Kh5 Kg8 72. Kg5 Kh8 73. Kg4
Kg8 74. Kh3 Kh8 75. Kg3 Kh7 76. Kf4 Kh6 77. Kg4 Kg6 78. Kh3 Kh6 79. Kg3 Kh5 80.
Kf4 Kh6 81. Kg3 Kh5 82. Kh3 Kh6 83. Kg4 Kg6 84. h5+ Kh6 85. Kh4 Kh7 86. Kg5 Kg7
87. h6+ Kh7 88. Kh5 Kh8 89. Kg6 Kg8 90. h7+ Kh8 91. Kh6 1/2-1/2

[Event "PRO League Group Stage"]
[Site "chess.com INT"]
[Date "2018.02.24"]
[Round "7"]
[White "Ravuri, Vinesh"]
[Black "Zwardon, Vojtech"]
[Result "1/2-1/2"]
[BlackTitle "IM"]
[WhiteElo "1990"]
[BlackElo "2412"]
[WhiteTeam "San Jose Hackers"]
[BlackTeam "Riga Magicians"]
[WhiteFideId "45042632"]
[BlackFideId "325511"]
[EventDate "2018.01.18"]

1. d4 Nf6 2. c4 e5 3. dxe5 Ng4 4. Nf3 Bc5 5. e3 Nc6 6. Nc3 O-O 7. Be2 Re8 8. O-O
Ncxe5 9. Nxe5 Nxe5 10. b3 a5 11. f4 Ng6 12. Kh1 Bxe3 13. f5 Nh4 14. Bxe3 Rxe3
15. Nd5 Re5 16. f6 g6 17. Qd4 Rxe2 18. Qxh4 h5 19. Rae1 Re6 20. Qf4 Kh7 21. Nxc7
Raa6 22. Nxa6 bxa6 23. Rxe6 dxe6 24. c5 Bb7 25. Qd6 Qa8 26. Rg1 Kg8 27. h3 a4
28. Kh2 axb3 29. axb3 Bd5 30. Ra1 a5 31. Rd1 Kh7 32. Rd2 g5 33. Qe5 Kg6 34. h4
gxh4 35. Rd4 Bxg2 36. Rxh4 Bf3 37. Rd4 Bg4 38. Qe4+ Qxe4 39. Rxe4 Bf3 40. Rf4
Bd5 41. Ra4 Bxb3 42. Rxa5 Bd5 43. Ra6 Kxf6 44. c6 Ke7 45. c7 Kd7 46. Ra7 f5 47.
Kg3 e5 48. Ra5 f4+ 49. Kf2 Bc6 50. Rxe5 Kxc7 51. Rxh5 f3 1/2-1/2

[Event "PRO League Group Stage"]
[Site "chess.com INT"]
[Date "2018.02.24"]
[Round "7"]
[White "Ravuri, Vinesh"]
[Black "Agrest, Inna"]
[Result "1-0"]
[BlackTitle "WIM"]
[WhiteElo "1990"]
[BlackElo "2280"]
[WhiteTeam "San Jose Hackers"]
[BlackTeam "Stockholm Snowballs"]
[WhiteFideId "45042632"]
[BlackFideId "1708830"]
[EventDate "2018.01.18"]

1. b3 e5 2. Bb2 Nc6 3. Nf3 e4 4. Nd4 Nxd4 5. Bxd4 d5 6. e3 Nf6 7. c4 c5 8. Bxf6
Qxf6 9. Nc3 d4 10. Nxe4 Qe5 11. Ng3 Bd6 12. Be2 O-O 13. O-O Bd7 14. f4 Qe7 15.
e4 f6 16. Bg4 Rae8 17. d3 b5 18. Bxd7 Qxd7 19. Rb1 a6 20. Qh5 Kh8 21. e5 g6 22.
Qh6 Bc7 23. Ne4 fxe5 24. fxe5 Qg7 25. Rxf8+ Qxf8 26. Qxf8+ Rxf8 27. Nxc5 Bxe5
28. Nxa6 bxc4 29. bxc4 Re8 30. g3 Ra8 31. Rb6 Kg7 32. Kg2 Ra7 33. c5 Kf7 34. Kf3
Ke7 35. Ke4 Bg7 36. c6 1-0

[Event "PRO League Group Stage"]
[Site "chess.com INT"]
[Date "2018.02.24"]
[Round "7"]
[White "Swapnil, S. Dhopade"]
[Black "Li, Chao b"]
[Result "1/2-1/2"]
[WhiteTitle "GM"]
[BlackTitle "GM"]
[WhiteElo "2533"]
[BlackElo "2732"]
[WhiteTeam "Mumbai Movers"]
[BlackTeam "Chengdu Pandas"]
[WhiteFideId "5019184"]
[BlackFideId "8604436"]
[EventDate "2018.01.18"]

1. d4 Nf6 2. c4 g6 3. Nc3 d5 4. cxd5 Nxd5 5. e4 Nxc3 6. bxc3 Bg7 7. Qa4+ Nd7 8.
Nf3 O-O 9. Be2 Nb6 10. Qa3 Qd6 11. O-O Bg4 12. e5 Qc6 13. h3 Be6 14. Qxe7 Nd5
15. Qh4 Nxc3 16. Bd3 Bd5 17. Ba3 Bxf3 18. Bxf8 Bxg2 19. Bxg7 Bxf1 20. Bxf1 Kxg7
21. Bg2 Qe6 22. Bxb7 Rb8 23. Bf3 Qf5 24. Kg2 Rb2 25. Rc1 Ne2 26. Bxe2 Rxe2 27.
Rxc7 Rxa2 28. Re7 a5 29. e6 Rxf2+ 30. Qxf2 Qg5+ 31. Qg3 Qxe7 32. Qe5+ Kg8 33.
Qb8+ Qf8 34. exf7+ Kxf7 35. Qa7+ Qe7 36. Qxa5 Qe4+ 37. Kh2 Qxd4 38. Qc7+ Kg8 39.
Qe7 Qf4+ 40. Kg2 Qf7 41. Qd8+ Kg7 42. Qd4+ Qf6 43. Qa7+ Kh6 44. Qb7 Qf5 45. Kg3
g5 46. Kg2 Kh5 47. Qc6 Qg6 48. Qf3+ Kh6 49. Qb7 Qe6 50. Kg3 Kg6 51. Qb1+ Qf5 52.
Qb6+ Qf6 53. Qb1+ Kh6 54. Qe4 Qg6 55. Qxg6+ hxg6 56. Kg4 Kh7 57. Kxg5 Kg7 58. h4
Kh7 59. h5 gxh5 60. Kxh5 1/2-1/2

[Event "PRO League Group Stage"]
[Site "chess.com INT"]
[Date "2018.02.24"]
[Round "7"]
[White "Swapnil, S. Dhopade"]
[Black "Akobian, Varuzhan"]
[Result "0-1"]
[WhiteTitle "GM"]
[BlackTitle "GM"]
[WhiteElo "2533"]
[BlackElo "2647"]
[WhiteTeam "Mumbai Movers"]
[BlackTeam "Saint Louis Arch Bishops"]
[WhiteFideId "5019184"]
[BlackFideId "13300580"]
[EventDate "2018.01.18"]

1. d4 e6 2. c4 d5 3. Nf3 Nf6 4. Nc3 Be7 5. Bf4 O-O 6. e3 b6 7. cxd5 Nxd5 8. Nxd5
exd5 9. Bd3 c5 10. dxc5 bxc5 11. O-O Be6 12. Qc2 h6 13. Bh7+ Kh8 14. Bf5 Nc6 15.
Bxe6 fxe6 16. Ne5 Nxe5 17. Bxe5 Rc8 18. e4 Bf6 19. Bxf6 Qxf6 20. Rad1 Rfd8 21.
Rd2 c4 22. Qa4 d4 23. Qxa7 c3 24. bxc3 dxc3 25. Rxd8+ Qxd8 26. Qe3 c2 27. Qc1
Qd3 28. f3 Rb8 29. Qf4 Qxf1+ 30. Kxf1 Rb1+ 31. Kf2 c1=Q 32. Qf8+ Kh7 33. Kg3
Qg5+ 34. Kh3 Rb2 35. g4 Qe5 36. f4 Qxe4 0-1

[Event "PRO League Group Stage"]
[Site "chess.com INT"]
[Date "2018.02.24"]
[Round "7"]
[White "Swapnil, S. Dhopade"]
[Black "Sadorra, Julio Catalino"]
[Result "0-1"]
[WhiteTitle "GM"]
[BlackTitle "GM"]
[WhiteElo "2533"]
[BlackElo "2539"]
[WhiteTeam "Mumbai Movers"]
[BlackTeam "Dallas Destiny"]
[WhiteFideId "5019184"]
[BlackFideId "5201268"]
[EventDate "2018.01.18"]

1. d4 e6 2. c4 f5 3. Nf3 Nf6 4. g3 d5 5. Bg2 Bd6 6. O-O O-O 7. Nc3 c6 8. Qc2 Qe7
9. Rb1 Nbd7 10. Bf4 Bxf4 11. gxf4 Ne4 12. e3 Rf6 13. Ne5 Nxe5 14. fxe5 Rh6 15.
Nxe4 Qh4 16. h3 fxe4 17. f3 Qg3 18. Qf2 Rxh3 19. Qxg3 Rxg3 20. Kh2 Rg5 21. fxe4
dxe4 22. Bxe4 Bd7 23. b4 a6 24. a4 Be8 25. Rf2 Bg6 26. Bxg6 hxg6 27. Rg2 Rh5+
28. Kg1 Rf8 29. Rxg6 Rf3 30. Re1 Kf7 31. Rg2 g5 32. Rf1 Rh1+ 33. Kxh1 Rxf1+ 34.
Rg1 Rf3 35. Rxg5 Rxe3 36. Rh5 Kg6 37. Rh8 Rb3 38. Rf8 Rxb4 39. Rf6+ Kg5 40. c5
Rxd4 41. Rxe6 Rxa4 42. Re7 Rc4 43. Rxb7 Kf5 44. Rb6 Rxc5 45. Kg2 Kxe5 46. Rxa6
Kd4 47. Kf2 Kd3 48. Ra8 Rc2+ 49. Kf3 c5 50. Rd8+ Kc3 51. Ke3 c4 52. Rb8 Rh2 53.
Rc8 Kb3 54. Kd4 Rd2+ 55. Ke3 c3 56. Rb8+ Kc2 57. Rc8 Rd7 58. Ke2 Re7+ 59. Kf2
Kd2 60. Rd8+ Kc1 61. Rc8 c2 62. Rb8 Re5 63. Kf3 Kd2 64. Rd8+ Kc3 65. Rc8+ Kd3
66. Rd8+ Kc4 67. Kf4 Rc5 0-1

[Event "PRO League Group Stage"]
[Site "chess.com INT"]
[Date "2018.02.24"]
[Round "7"]
[White "Studer, Noel"]
[Black "Aghasaryan, Robert"]
[Result "1-0"]
[WhiteTitle "GM"]
[BlackTitle "GM"]
[WhiteElo "2476"]
[BlackElo "2531"]
[WhiteTeam "Riga Magicians"]
[BlackTeam "Las Vegas Desert Rats"]
[WhiteFideId "1319620"]
[BlackFideId "13302841"]
[EventDate "2018.01.18"]

1. d4 d5 2. c4 e6 3. Nf3 Nf6 4. g3 dxc4 5. Bg2 Nc6 6. Qa4 Bb4+ 7. Bd2 Nd5 8.
Bxb4 Nxb4 9. O-O Rb8 10. Nc3 a6 11. Ne5 O-O 12. Nxc6 Nxc6 13. Bxc6 bxc6 14. Qxc4
Rxb2 15. Rab1 Rb6 16. Na4 Rb5 17. Nc5 Qd5 18. Qxd5 cxd5 19. a4 Rxb1 20. Rxb1 Re8
21. Rb8 Kf8 22. f4 Ke7 23. a5 Kd6 24. Nxa6 Bd7 25. Rb2 Ra8 26. Nc5 Bc8 27. Kf2
Kc6 28. g4 Ba6 29. Nxa6 Rxa6 30. Rb8 Kd7 31. Rb5 Rc6 32. h4 Rc4 33. e3 Ra4 34.
h5 h6 35. g5 Ra2+ 36. Kf3 Ke7 37. Rb7 Kd7 38. Ra7 Kd6 39. Ra8 Kd7 40. a6 Kd6 41.
a7 Ke7 42. Rg8 Rxa7 43. Rxg7 hxg5 44. fxg5 Kf8 45. h6 Ra1 46. g6 fxg6 47. Rxc7
Rf1+ 48. Kg4 Rf5 49. Rc8+ Kf7 50. h7 1-0

[Event "PRO League Group Stage"]
[Site "chess.com INT"]
[Date "2018.02.24"]
[Round "7"]
[White "Studer, Noel"]
[Black "Sevian, Samuel"]
[Result "0-1"]
[WhiteTitle "GM"]
[BlackTitle "GM"]
[WhiteElo "2476"]
[BlackElo "2614"]
[WhiteTeam "Riga Magicians"]
[BlackTeam "San Diego Surfers"]
[WhiteFideId "1319620"]
[BlackFideId "2040506"]
[EventDate "2018.01.18"]

1. d4 Nf6 2. c4 c5 3. d5 e6 4. Nc3 exd5 5. cxd5 d6 6. Nf3 g6 7. Bf4 a6 8. a4 Bg7
9. h3 O-O 10. e3 Qe7 11. Nd2 Nh5 12. Bh2 f5 13. Be2 f4 14. e4 Nf6 15. Qc2 Nfd7
16. Nc4 Ra7 17. g3 f3 18. Bf1 Ne5 19. Nb6 Nbd7 20. a5 Nxb6 21. axb6 Ra8 22. g4
Bd7 23. Rg1 Rac8 24. Qb3 Qg5 25. Nd1 c4 26. Qb4 Rc5 27. Ne3 Rb5 28. Qxd6 Rxb2
29. Bg3 Re8 30. h4 Qd8 31. Nxc4 Nxc4 32. Bxc4 Rxe4+ 33. Kf1 Rxc4 0-1

[Event "PRO League Group Stage"]
[Site "chess.com INT"]
[Date "2018.02.24"]
[Round "7"]
[White "Studer, Noel"]
[Black "Tang, Andrew"]
[Result "1-0"]
[WhiteTitle "GM"]
[BlackTitle "IM"]
[WhiteElo "2476"]
[BlackElo "2513"]
[WhiteTeam "Riga Magicians"]
[BlackTeam "Minnesota Blizzard"]
[WhiteFideId "1319620"]
[BlackFideId "2059630"]
[EventDate "2018.01.18"]

1. d4 d5 2. c4 e6 3. Nf3 Nf6 4. g3 dxc4 5. Bg2 Nc6 6. Qa4 Bb4+ 7. Bd2 Nd5 8.
Bxb4 Nxb4 9. O-O Rb8 10. Nc3 Bd7 11. Qb5 O-O 12. Qxc4 Qe7 13. a3 Nd5 14. Ne4
Rfd8 15. b4 Be8 16. Rfd1 f6 17. Nc5 Bf7 18. Nxb7 Rxb7 19. Qxc6 Rb6 20. Qc5 Qd7
21. Rac1 Ra6 22. e4 Nb6 23. Rd3 h6 24. Nd2 Bg6 25. f3 c6 26. Bf1 Kh7 27. Qxc6
Qf7 28. Qb5 Qb7 29. Qc6 Qf7 30. Qc2 f5 31. Rc3 Ra4 32. Bb5 fxe4 33. fxe4 Qf6 34.
e5 Qg5 35. Bd3 Rxd4 36. Bxg6+ Qxg6 37. Qxg6+ Kxg6 38. Nb3 Rd5 39. Nc5 Rxe5 40.
Rd3 a5 41. Nxa4 Nxa4 42. Rc6 axb4 43. axb4 Nb2 44. Rd2 Na4 45. Ra2 1-0

[Event "PRO League Group Stage"]
[Site "chess.com INT"]
[Date "2018.02.24"]
[Round "7"]
[White "Studer, Noel"]
[Black "Quesada Perez, Yuniesky"]
[Result "1/2-1/2"]
[WhiteTitle "GM"]
[BlackTitle "GM"]
[WhiteElo "2476"]
[BlackElo "2627"]
[WhiteTeam "Riga Magicians"]
[BlackTeam "Miami Champions"]
[WhiteFideId "1319620"]
[BlackFideId "3504409"]
[EventDate "2018.01.18"]

1. d4 Nf6 2. c4 e6 3. Nf3 d5 4. g3 Bb4+ 5. Bd2 Bd6 6. Nc3 O-O 7. Bg5 c6 8. Bg2
Nbd7 9. e4 dxe4 10. Nxe4 Bb4+ 11. Nc3 h6 12. Bd2 Re8 13. O-O e5 14. dxe5 Nxe5
15. Nxe5 Rxe5 16. a3 Bg4 17. Qc1 Bc5 18. h3 Be2 19. Re1 Qd3 20. Bf4 Re7 21. Na4
Bd4 22. Qd2 Qxd2 23. Bxd2 Rae8 24. Rac1 Bd3 25. Rxe7 Rxe7 26. Bc3 Bxc3 27. Rxc3
Bf5 28. g4 Bb1 29. Rc1 Bg6 30. c5 Kf8 31. Nc3 Ne4 32. Nxe4 Bxe4 33. Rd1 Bxg2 34.
Kxg2 Re2 35. b4 Ke7 36. Rd3 Rb2 37. Kg3 a5 38. bxa5 Rb5 39. a4 Rxc5 40. Rb3 Rxa5
41. Rxb7+ Ke6 42. Rb4 c5 43. Rf4 Ra7 44. Kf3 Kd6 45. Ke3 Rb7 46. Kd2 Rb3 47.
Rxf7 g5 48. Rf6+ Kd5 49. Rxh6 c4 50. Rh8 Ra3 51. h4 gxh4 52. Rxh4 Rxa4 53. Rh8
c3+ 54. Kxc3 Rxg4 55. Kd3 Ke5 56. Ke3 Kf6 57. Rc8 Ra4 58. f4 Ra1 59. Rc6+ Kf5
60. Rc5+ Kf6 61. Rg5 Ra3+ 62. Ke4 Ra4+ 63. Kf3 Ra1 64. Rb5 Rf1+ 65. Kg4 Rg1+ 66.
Kf3 Rf1+ 67. Kg3 Rg1+ 68. Kf2 Ra1 69. Rd5 Rb1 70. Ke3 Re1+ 1/2-1/2

[Event "PRO League Group Stage"]
[Site "chess.com INT"]
[Date "2018.02.24"]
[Round "7"]
[White "Tania, Sachdev"]
[Black "Bykhovsky, Anatoly"]
[Result "1/2-1/2"]
[WhiteTitle "IM"]
[BlackTitle "GM"]
[WhiteElo "2402"]
[BlackElo "2496"]
[WhiteTeam "Delhi Dynamite"]
[BlackTeam "Montclair Sopranos"]
[WhiteFideId "5007844"]
[BlackFideId "2806991"]
[EventDate "2018.01.18"]

1. d4 Nf6 2. c4 g6 3. Nc3 d5 4. Bg5 Ne4 5. Bh4 Nxc3 6. bxc3 dxc4 7. e3 Be6 8.
Be2 Bg7 9. Nh3 f6 10. Qb1 O-O 11. Nf4 Bf7 12. Qxb7 Nd7 13. Qc6 e5 14. Ne6 Bxe6
15. Qxe6+ Kh8 16. Qxc4 exd4 17. cxd4 c5 18. O-O cxd4 19. exd4 Nb6 20. Qd3 Qd7
21. Rfd1 Rad8 22. Rac1 Qa4 23. Bg3 f5 24. Qb3 Qxb3 25. axb3 f4 26. Bh4 Rxd4 27.
Rxd4 Bxd4 28. Rd1 Bc5 29. Rd8 Rxd8 30. Bxd8 Kg7 31. Bf3 h6 32. h4 Bd4 33. Kf1
Bf6 34. Bxb6 axb6 35. h5 g5 36. Ke2 Bd4 37. Bg4 Kf6 38. f3 Bc5 1/2-1/2

[Event "PRO League Group Stage"]
[Site "chess.com INT"]
[Date "2018.02.24"]
[Round "7"]
[White "Tania, Sachdev"]
[Black "Gorovets, Andrey"]
[Result "1/2-1/2"]
[WhiteTitle "IM"]
[BlackTitle "GM"]
[WhiteElo "2402"]
[BlackElo "2517"]
[WhiteTeam "Delhi Dynamite"]
[BlackTeam "Dallas Destiny"]
[WhiteFideId "5007844"]
[BlackFideId "13504037"]
[EventDate "2018.01.18"]

1. d4 e6 2. c4 f5 3. g3 Nf6 4. Bg2 d5 5. Nh3 Bd6 6. O-O O-O 7. Qc2 c6 8. Nd2 h6
9. Nf4 Bxf4 10. gxf4 Bd7 11. Nf3 Be8 12. b3 Bh5 13. Ne5 Kh8 14. Ba3 Rg8 15. cxd5
Nxd5 16. Bxd5 Qxd5 17. Qc5 Bxe2 18. Qxd5 cxd5 19. Nf7+ Kh7 20. Rfe1 Bh5 21. Nd6
Nc6 22. Bb2 g5 23. Rxe6 gxf4+ 24. Kf1 Rg5 25. Nxb7 Nb4 26. Rc1 Rag8 27. Rc7+
R8g7 28. Rxg7+ Rxg7 29. Nd6 Nd3 30. Ba3 Bg4 31. Ne8 Rb7 32. Re7+ Rxe7 33. Bxe7
f3 34. Nf6+ Kg6 35. Nxd5 Kf7 36. Ba3 Bh3+ 37. Kg1 Ke6 38. Nc7+ Kd7 39. Nd5 a5
40. Nb6+ Kc6 41. Nc4 Kd5 42. Ne5 Ke4 43. Nxd3 Kxd3 44. Bc5 f4 45. d5 Bd7 46. Bb6
a4 47. bxa4 Bxa4 48. d6 Bb5 49. Bc7 Ke4 50. Bb8 h5 51. Bc7 Kf5 52. Bb8 Ke4 1/2-1/2